Регионална библиотека "Любен Каравелов" - Русе

The BULGARIANS in the Plain of Serres (Запис номер 343247)

MARC детайли
000 -Лидер
Контролно поле с фиксирана дължина 00817nam a2200253 c 4500
003 - Код на организацията, давaща контролен номер
Контролно поле BLK
005 - Дата и час на последна редакция
Контролно поле 20190913121222.0
008 - Елементи от данни с фиксирана дължина
fixed length control field 180911b bul|||||r ||||||| ||bul||
010 ## - Наследен системен номер
LC control number 002908
040 ## - Източник на каталожния запис
Идентификатор на билиотеката - собственик на записа BLK
041 ## - Код за език
Код за езика на текст/звукозапис или на отделно заглавие Английски
080 ## - УДК
УДК - код + определител 949.72314(497.2:495)
100 1# - Редна дума - Автор
Автор
Авторска отговорност първи автор
245 10 - Сведения за заглавието
Заглавие The BULGARIANS in the Plain of Serres
Том I
246 ## - Различни форми на заглавието
Паралелно заглавие Researches and Documents. Book I.
Подзаглавни данни BULGARIANS
260 ## - Област на издателските данни
Място на издаване, разпространение и проч. Philipopolis
Година на издаване 1918
Печатница Christo G. Danoff
300 ## - Физическа характеристика
Страници XIV, 70 с., 6 л. : факс
Размери/Мащаб 31 см
380 ## - Жанр
Жанр История
490 ## - СЕРИИ (Колекции)
Име на серия South-Eastern Makedonia
490 ## - СЕРИИ (Колекции)
Име на серия Частна колекция - Академик Михаил Арнаудов
Бележки за серията Дарение - Основен фонд
655 ## - Ключова дума – жанр/разновидност
Данни за жанр/разновидност или ключова дума за фокус българска история
852 ## - Местоположение
Форматна сигнатура МА 2975
942 ## - АРТИКУЛИ
Вид на библиотечния материал Книги
Скрит в OPAC Не
944 ## - СЪЗДАВАНЕ И РЕДАКЦИЯ на ЗАПИСА
Създаване/Редакция Създаване
Дата на регистрацията/редакция 1994
999 ## - СИСТЕМНИ КОНТРОЛНИ НОМЕРА
Koha biblionumber 343247
Koha biblioitemnumber 343247
Наличности
Код за отписване Код за изгубен артикул Източник на класификационната схема Код за повреда Коз за рестрикции Код за отдаване Артикулен № Име на библиотеката - собственик Име на библиотеката, в която се намира в момента Статус (Текущо местоположение) Местоположение - отдел Цена в лева Номерация (Хронология) Инвентарен номер Систематично азбучна сигнатура Баркод Номер на екземпляра Цена в евро Служебен тип на артикула Дата на вписване в системата
  Не е изгубен Universal Decimal Classification Не е повреден без рестрикции Специални фондове ( старопечатни, редки и ценни, фонд М. Арнаудов) 743426 Регионална библиотека "Любен Каравелов" Русе Регионална библиотека "Любен Каравелов" Русе Фонд "Михаил Арнаудов" Фонд "Михаил Арнаудов" 80.00   589497 МА 2975 120000589497 1 40.90 Книги  
  Не е изгубен Universal Decimal Classification Не е повреден само за читалня Специални фондове ( старопечатни, редки и ценни, фонд М. Арнаудов) 747111 Регионална библиотека "Любен Каравелов" Русе Регионална библиотека "Любен Каравелов" Русе Фонд "Михаил Арнаудов" Фонд "Михаил Арнаудов" 80.00   589496 МА 2975 120000589496   40.90 Книги 2019-10-08
Vip Innovations Ltd, Rousse, Bulgaria 2025